Capitales mondiales par une seule indice #3 - Statistiques

Statistiques générales
  • Ce quiz a été pris 238 fois
  • Le résultat moyen est 10 sur 20
Statistiques - réponses
pays indice capitale % Correct
France Connu comme « la ville des lumières » Paris
95%
Pakistan Son nom se termine dans -bad Islamabad
81%
Corée du Sud Le siège social de Samsung se trouve ici Séoul
78%
Belgique L'un de ses points de repère les plus célèbres est une statue de 2 pieds de haut d'un garçon qui urine Bruxelles
77%
Argentine 206 kilomètres de Montevideo Buenos Aires
73%
Tunisie La capitale la plus septentrionale d'Afrique Tunis
55%
Cité du Vatican Entièrement encerclé par une capitale différente Vatican
53%
Estonie Seulement 80 kilomètres au sud d'Helsinki Tallinn
52%
Croatie Son nom commence par Z Zagreb
50%
Soudan Situé au confluent du Nil blanc et du Nil bleu Khartoum
45%
Chypre Ville divisée au milieu d'une île divisée Nicosie
44%
Qatar Al Jazeera est basé ici Doha
42%
Iran L'ambassade des États-Unis dans cette ville a été envahie en 1979 Téhéran
42%
Finlande Sa zone métropolitaine comprend Espoo, Vantaa et Kauniainen Helsinki
40%
Brésil Fondée en 1960, beaucoup de ses bâtiments ont été conçus par Oscar Niemeyer Brasilia
39%
Djibouti Commence par un D silencieux Djibouti
34%
Inde La « nouvelle » partie d'une métropole avec plus de 20 millions de personnes New Delhi
30%
Irak Il a été détruit par les Mongols en 1258, mettant fin à l'âge d'or islamique Bagdad
26%
R.D. Congo Site du "Rumble in the Jungle" entre Ali et Foreman Kinshasa
18%
Bulgarie Nom populaire pour les filles de bébé aux États-Unis dans ces dernières années Sofia
8%
Aucun quiz correspondant
Distribution des résultats
% des personnes avec chaque résultat
Percentile par nombre de réponses
Votre historique - résultats
Vous n’avez pas pris ce quiz